Human resource management: Theory and practice (Record no. 1192)

MARC details
000 -LEADER
fixed length control field 00472nam a2200169Ia 4500
008 - FIXED-LENGTH DATA ELEMENTS--GENERAL INFORMATION
fixed length control field 230917s9999||||xx |||||||||||||| ||und||
020 ## - ISBN
Price RS 650.00
040 ## - CATALOGING SOURCE
-- 5006969
Original cataloging agency VIVEKANANDA LIBRARY
041 ## - Language
-- English
082 ## - DDC NUMBER
Classification number 658.3 S23H
100 ## - MAIN ENTRY--PERSONAL NAME
Personal name Sharma, R C
245 #0 - TITLE STATEMENT
Title Human resource management: Theory and practice
260 ## - PUBLICATION, DISTRIBUTION, ETC. (IMPRINT)
Place of publication, distribution, etc New Delhi
Name of publisher, distributor, etc Sage Texts
Date of publication, distribution, etc 2018
300 ## - PHYSICAL DESCRIPTION
Pages xxxii, 696 p.
500 ## - GENERAL NOTE
General note 3937 03/01/2020 PBA20/992 09/01/20 IMSAR (Dev. & Research)
942 ## - ADDED ENTRY ELEMENTS (KOHA)
Koha item type Books
Holdings
Withdrawn status Lost status Damaged status Not for loan Location (home branch) Sublocation or collection (holding branch) Shelving location Date acquired Koha issues (times borrowed) Koha full call number Accession No. Koha date last seen Koha item type
        VIVEKANANDA LIBRARY VIVEKANANDA LIBRARY IMSAR Library 23/01/2020   658.3 S23H 391679 17/09/2023 Books
        VIVEKANANDA LIBRARY VIVEKANANDA LIBRARY IMSAR Library 23/01/2020   658.3 S23H 396470 17/09/2023 Books
© Designed and Maintained by Vivekananda Library, MDU Rohtak